Weather elements : (Record no. 8784)
[ view plain ]
| 000 -LEADER | |
|---|---|
| fixed length control field | 00615nam a2200229K 4500 |
| 001 - CONTROL NUMBER | |
| JCCL Control Number | 8784 |
| 003 - CONTROL NUMBER IDENTIFIER | |
| JCCL marc code | BD - JhCC |
| 005 - DATE AND TIME OF LATEST TRANSACTION | |
| control field | 20180529140606.0 |
| 008 - FIXED-LENGTH DATA ELEMENTS--GENERAL INFORMATION | |
| fixed length control field | 910517s1962 ohua b 000 0 eng d |
| 035 ## - SYSTEM CONTROL NUMBER | |
| system control number | (BD - JhCC)8784 |
| 040 ## - CATALOGING SOURCE | |
| Original cataloging agency | RCD |
| Transcribing agency | RCD |
| Modifying agency | BD-JhCC |
| 041 ## - LANGUAGE CODE | |
| Language code of Book | eng |
| 082 ## - DEWEY DECIMAL CLASSIFICATION NUMBER | |
| Author mark and Year | WAT 1957 |
| Classification number | 551.5 |
| 100 ## - MAIN ENTRY--PERSONAL NAME | |
| Personal name | Blair, Thomas A. |
| 245 00 - TITLE STATEMENT | |
| Title | Weather elements : |
| Remainder of title | a text in elementary meteorology / |
| Statement of responsibility, etc | Thomas A. Blair |
| 250 ## - EDITION STATEMENT | |
| Edition statement | 4th ed. |
| 260 ## - PUBLICATION, DISTRIBUTION, ETC. (IMPRINT) | |
| Place of publication, distribution, etc | Cincinnati, Ohio, |
| Name of publisher, distributor, etc | Prentice-Hall, INC, |
| Date of publication, distribution, etc | 1957. |
| 300 ## - PHYSICAL DESCRIPTION | |
| Pagination | 414 p. |
| Other physical details | diagrs., tables. |
| 650 #0 - SUBJECT ADDED ENTRY--TOPICAL TERM | |
| Topical term or geographic name as entry element | Meteorology |
| 942 ## - ADDED ENTRY ELEMENTS (KOHA) | |
| Source of classification or shelving scheme | Dewey Decimal Classification |
| Koha item type | Books |
| Source of classification or shelving scheme | Damaged status | Not for loan | Home library | Current library | Shelving location | Date of accession | Total Checkouts | Full call number | Barcode | Date last seen | Copy number | Koha item type |
|---|---|---|---|---|---|---|---|---|---|---|---|---|
| Dewey Decimal Classification | JCC Rouf Library | JCC Rouf Library | General Stacks | 04/25/2018 | 515.5 BLA 1957 | 11727 | 03/03/2018 | C - 1 | Books |